Proteomics
Saved in:
| Main Authors: | , |
|---|---|
| Format: | Chapter/Article |
| Language: | English |
| Published: |
[2007]
|
| In: |
Handbook of Neurochemistry and Molecular Neurobiology
Year: 2007, Pages: 737-769 |
| DOI: | 10.1007/978-0-387-30411-3_27 |
| Online Access: | Resolving-System, lizenzpflichtig, Volltext: https://doi.org/10.1007/978-0-387-30411-3_27 Verlag, lizenzpflichtig, Volltext: https://link.springer.com/referenceworkentry/10.1007/978-0-387-30411-3_27 |
| Author Notes: | M.H. Maurer, W. Kuschinsky |
MARC
| LEADER | 00000caa a2200000 c 4500 | ||
|---|---|---|---|
| 001 | 1756660719 | ||
| 003 | DE-627 | ||
| 005 | 20250113115915.0 | ||
| 007 | cr uuu---uuuuu | ||
| 008 | 210430s2007 xx |||||o 00| ||eng c | ||
| 024 | 7 | |a 10.1007/978-0-387-30411-3_27 |2 doi | |
| 035 | |a (DE-627)1756660719 | ||
| 035 | |a (DE-599)KXP1756660719 | ||
| 035 | |a (OCoLC)1341407554 | ||
| 040 | |a DE-627 |b ger |c DE-627 |e rda | ||
| 041 | |a eng | ||
| 084 | |a 32 |2 sdnb | ||
| 100 | 1 | |a Maurer, Martin H. |d 1971- |e VerfasserIn |0 (DE-588)121878112 |0 (DE-627)081593309 |0 (DE-576)182104672 |4 aut | |
| 245 | 1 | 0 | |a Proteomics |c M.H. Maurer, W. Kuschinsky |
| 264 | 1 | |c [2007] | |
| 300 | |a 33 | ||
| 336 | |a Text |b txt |2 rdacontent | ||
| 337 | |a Computermedien |b c |2 rdamedia | ||
| 338 | |a Online-Ressource |b cr |2 rdacarrier | ||
| 500 | |a Gesehen am 30.04.2021 | ||
| 700 | 1 | |a Kuschinsky, Wolfgang |d 1944- |e VerfasserIn |0 (DE-588)1145453708 |0 (DE-627)1005597847 |0 (DE-576)161874711 |4 aut | |
| 773 | 0 | 8 | |i Enthalten in |t Handbook of Neurochemistry and Molecular Neurobiology |d Boston, MA : Springer US, 2007 |g (2007), Seite [737]-769 |h Online-Ressource (eReference, digital) |w (DE-627)1647110076 |w (DE-576)283437928 |z 9780387304113 |7 nnam |a Proteomics |
| 773 | 1 | 8 | |g year:2007 |g pages:737-769 |g extent:33 |a Proteomics |
| 856 | 4 | 0 | |u https://doi.org/10.1007/978-0-387-30411-3_27 |x Resolving-System |x Verlag |z lizenzpflichtig |3 Volltext |
| 856 | 4 | 0 | |u https://link.springer.com/referenceworkentry/10.1007/978-0-387-30411-3_27 |x Verlag |z lizenzpflichtig |3 Volltext |
| 951 | |a AR | ||
| 992 | |a 20210430 | ||
| 993 | |a BookComponentPart | ||
| 994 | |a 2007 | ||
| 998 | |g 1145453708 |a Kuschinsky, Wolfgang |m 1145453708:Kuschinsky, Wolfgang |d 50000 |d 53200 |e 50000PK1145453708 |e 53200PK1145453708 |k 0/50000/ |k 1/50000/53200/ |p 2 |y j | ||
| 998 | |g 121878112 |a Maurer, Martin H. |m 121878112:Maurer, Martin H. |d 50000 |d 53200 |d 50000 |e 50000PM121878112 |e 53200PM121878112 |e 50000PM121878112 |k 0/50000/ |k 1/50000/53200/ |k 0/50000/ |p 1 |x j | ||
| 999 | |a KXP-PPN1756660719 |e 3920258398 | ||
| BIB | |a Y | ||
| JSO | |a {"language":["eng"],"origin":[{"dateIssuedKey":"2007","dateIssuedDisp":"[2007]"}],"person":[{"display":"Maurer, Martin H.","family":"Maurer","role":"aut","given":"Martin H."},{"given":"Wolfgang","role":"aut","display":"Kuschinsky, Wolfgang","family":"Kuschinsky"}],"relHost":[{"origin":[{"publisherPlace":"Boston, MA","dateIssuedDisp":"2007","publisher":"Springer US","dateIssuedKey":"2007"}],"person":[{"given":"Abel","display":"Lajtha, Abel","family":"Lajtha","role":"edt"},{"role":"edt","display":"Dienel, Gerald A.","family":"Dienel","given":"Gerald A."},{"family":"Gibson","display":"Gibson, Gary E.","role":"edt","given":"Gary E."}],"language":["eng"],"disp":"ProteomicsHandbook of Neurochemistry and Molecular Neurobiology","title":[{"title":"Handbook of Neurochemistry and Molecular Neurobiology","title_sort":"Handbook of Neurochemistry and Molecular Neurobiology","subtitle":"Brain Energetics. Integration of Molecular and Cellular Processes"}],"name":{"displayForm":["edited by Abel Lajtha, Gary E. Gibson, Gerald A. Dienel"]},"id":{"isbn":["9780387304113"],"eki":["1647110076"],"doi":["10.1007/978-0-387-30411-3"]},"part":{"pages":"737-769","year":"2007","text":"(2007), Seite [737]-769","extent":"33"},"physDesc":[{"extent":"Online-Ressource (eReference, digital)"}],"recId":"1647110076","type":{"media":"Online-Ressource","bibl":"edited-book"}}],"type":{"bibl":"chapter","media":"Online-Ressource"},"recId":"1756660719","note":["Gesehen am 30.04.2021"],"name":{"displayForm":["M.H. Maurer, W. Kuschinsky"]},"id":{"doi":["10.1007/978-0-387-30411-3_27"],"eki":["1756660719"]},"title":[{"title":"Proteomics","title_sort":"Proteomics"}],"physDesc":[{"extent":"33 S."}]} | ||
| SRT | |a MAURERMARTPROTEOMICS2007 | ||